Klicke die Schweizer Kantone auf einer Karte - Statistiken

Allgemein
  • Dieses Quiz wurde 62 mal gespielt
  • Das Durchschnittsergebnis liegt bei 15 aus 26
Antworten auf der Karte
Die Antworten werden auf der Karte rot bzw. grün angezeigt, abhängig davon wie oft sie richtig erraten wurden.
 
Antwortstatistiken
Antwort % Korrekt
Bern
77%
Tessin
72%
Appenzell Innerrhoden
69%
Genf
69%
Basel-Landschaft
67%
Graubünden
67%
Luzern
67%
Schaffhausen
67%
Wallis
67%
Appenzell Außerrhoden
64%
Solothurn
62%
St. Gallen
59%
Jura
56%
Neuenburg
54%
Waadt
54%
Zürich
54%
Freiburg
51%
Thurgau
51%
Uri
51%
Zug
51%
Aargau
49%
Basel-Stadt
46%
Nidwalden
46%
Glarus
44%
Obwalden
44%
Schwyz
38%
Keine übereinstimmenden Quizze gefunden
Verteilung der Resultate
Anzahl Personen mit jedem Resultat
Perzentil nach korrekt beantworteten Fragen
Ihre Resultats-Entwicklung
Sie haben dieses Quiz noch nicht gespielt